| 000 | 00922cam a2200277 4500 | ||
|---|---|---|---|
| 001 | 23016 | ||
| 003 | BD-RjUL | ||
| 005 | 20211209000901.0 | ||
| 008 | 140310s1969 nyuachj b 001 0 eng | ||
| 035 | _a(BD-RjUL)23081 | ||
| 040 |
_aDLC _cDLC _dDLC _dBD-RjUL _beng |
||
| 041 | _aeng | ||
| 082 | 0 | 0 |
_a929.2 _bDAB |
| 100 | 1 |
_aDavis, John H., _d1929-2012. _970990 |
|
| 245 | 1 | 4 |
_aThe Bouviers : _bportrait of an American family / _cby John H. Davis. |
| 260 |
_aNew York : _bFarrar, Straus & Giroux, _c1969. |
||
| 300 |
_axiv, 492 p. : _billus., facsims., geneal. tables, ports. ; _c25 cm. |
||
| 350 | _a10.00 | ||
| 504 | _aBibliographical references included in "Notes on sources" (p. 399-417) | ||
| 504 | _aIncludes index. | ||
| 600 | 3 | 0 |
_aBouvier family. _970991 |
| 856 | 4 | 1 |
_3Table of contents _uhttp://www.loc.gov/catdir/toc/fy041/69013737.html |
| 942 |
_2ddc _cBK |
||
| 999 |
_c23016 _d23016 |
||